000 00300nam a22001337a 4500
008 181121b xxu||||| |||| 00| 0 eng d
020 _a9781617316180
041 _aeng
080 _a575
100 _a6
101 _aBIO
245 _aGeneral Organic Biochemistry
_cWilliam.G.O
942 _2udc
_cBK
999 _c52281
_d52281